Ēkānka saṅgraha. (Record no. 65805)

MARC details
000 -LEADER
fixed length control field 00614cam a2200193 4500
001 - CONTROL NUMBER
control field sa 65008704
003 - CONTROL NUMBER IDENTIFIER
control field DLC
005 - DATE AND TIME OF LATEST TRANSACTION
control field 20260227112157.0
008 - FIXED-LENGTH DATA ELEMENTS--GENERAL INFORMATION
fixed length control field 900926m19639999ii 000 0 kano
010 ## - LIBRARY OF CONGRESS CONTROL NUMBER
LC control number sa 65008704
040 ## - CATALOGING SOURCE
Original cataloging agency DLC
Transcribing agency DLC
Modifying agency DLC
050 00 - LIBRARY OF CONGRESS CALL NUMBER
Classification number PL4657
Item number .R3
100 0# - MAIN ENTRY--PERSONAL NAME
Personal name Śrīraṅga,
Dates associated with a name 1904-1984.
245 10 - TITLE STATEMENT
Title Ēkānka saṅgraha.
Statement of responsibility, etc. sampādakaru Ādya Raṇgācārya.
260 ## - PUBLICATION, DISTRIBUTION, ETC.
Place of publication, distribution, etc. Maisūru.
Name of publisher, distributor, etc. Sāhitya Akādemiya paravāgi Kannaḍa Kavikāvyamāle,
Date of publication, distribution, etc. [1963]-<1986>
300 ## - PHYSICAL DESCRIPTION
Extent v <1-2> ;
Dimensions 22 cm.
500 ## - GENERAL NOTE
General note In Kannada.
500 ## - GENERAL NOTE
General note Biographical sketches of the contributors: p. [207]-208.

No items available.

Powered by Koha